Dynamika s harmonickou opojností /

Hlavní autor: Kauer, Aleš, 1974-
Jazyk: Čeština
Vydáno: Zlín : Kniha Zlin, 2011
Vydání: Vyd. 1.
Edice: WALT
Témata:
Fyzický popis: 86 s. ; 16 cm
Knihy
Uloženo v:
LEADER 01015nam a2200337 a 4500
001 nkc20112197161
003 CZ PrNK
005 20110809063246.0
007 ta
008 110629s2011 xr e 000 p cze
015 |a cnb002197161 
020 |a 978-80-87497-32-6  |q (brož.) 
035 |a (OCoLC)746837499 
040 |a ABA001  |b cze 
072 7 |a 821.162.3-1  |x Česká poezie  |2 Konspekt  |9 25 
080 |a 821.162.3-1  |2 MRF 
080 |a (0:82-1)  |2 MRF 
100 1 |a Kauer, Aleš,  |d 1974-  |7 mzk2007390780  |4 aut 
245 1 0 |a Dynamika s harmonickou opojností /  |c Aleš Kauer 
250 |a Vyd. 1. 
260 |a Zlín :  |b Kniha Zlin,  |c 2011 
300 |a 86 s. ;  |c 16 cm 
490 1 |a WALT - Vratký oheň ;  |v sv. 9 
655 7 |a česká poezie  |7 fd133958  |2 czenas 
655 9 |a Czech poetry  |2 eczenas 
830 0 |a WALT  |0 s 
910 2 |a BOA001  |b 1-1267.936 
990 |a BK 
995 |a 01 
991 |b 201107  |e b 
996 6 |b 2610483198  |c 1-1267.936  |l MZK  |r Sklad / do 1 hodiny  |n 0  |p p.v.  |w 001189202  |u 000010  |a 1  |e BOA001  |j MZK50  |s P